00531nam a2200121Ia 4500008004100000100002000041245010000061245013400161260000900295300002200304440004700326650003600373171207s9999 xx 000 0 und d aHsu, Chang-Hong aReining in Long Tails in Warehouse-Scale Computers with Quick Voltage Boosting Using Adrenaline cChang-Hong Hsu, Yunqi Zhang, Michael A. Laurenzano, David Meisner, Thomas Wenisch, Ronald G. Dreslinski, Jason Mars, Lingjia Tang c2017 apages , July 2017 aACM Transactions on Computer Systemsv35:1 aAPPLIED COMPUTING; DATA CENTERS